000 00680nam a2200193Ia 4500
003 GCL
008 140319s9999 xx 000 0 ara d
040 _aGCL /
_cGCL
082 0 4 _a621.38195
_bز م
100 1 _aزاك، رودناى
245 1 0 _aمن الرقائق الى الانظمة :
_bمقدمة الى الحواسيب الصغرية /
_cزاك، رودناى
700 1 _aحسن العاملى (مترجم)
300 _a519 ص
650 0 4 _aالهندسة الالكترونية
650 0 4 _aالهندسة
650 0 4 _aهندسة الحاسبات الالكترونية
650 0 4 _aالحاسبات الالكترونية - تصميم
942 _2ddc
_cBK
999 _c39113
_d39113